O audite z prvej ruky Reálny obraz o hospodárení firmy nie je luxusom, ale nutnosťou
Rozhovor s audítorkou a daňovou poradkyňou o aktuálnych otázkach auditu, o pojmoch a termínoch dotýkajúcich sa tejto sféry. Vzťah auditu a podnikateľskej sféry. Doklady vo firmách potrebné pre vykonanie auditu. Výkon profesie audítora.
Salvato in:
| Autore principale: | |
|---|---|
| Altri autori: | |
| Natura: | Capitolo di libro |
| Lingua: | slovacco |
| Soggetti: | |
| Tags: |
Nessun Tag, puoi essere il primo ad aggiungerne!!
|
MARC
| LEADER | 00000naa a2200000 4500 | ||
|---|---|---|---|
| 001 | r015282 | ||
| 005 | 20221213114149.8 | ||
| 041 | 0 | |a slo | |
| 044 | |a SK | ||
| 245 | 1 | 0 | |a O audite z prvej ruky |b Reálny obraz o hospodárení firmy nie je luxusom, ale nutnosťou |c S. Bezáková, O. Luptáková |
| 520 | |a Rozhovor s audítorkou a daňovou poradkyňou o aktuálnych otázkach auditu, o pojmoch a termínoch dotýkajúcich sa tejto sféry. Vzťah auditu a podnikateľskej sféry. Doklady vo firmách potrebné pre vykonanie auditu. Výkon profesie audítora. | ||
| 610 | 2 | 0 | |a audítori |
| 610 | 2 | 0 | |a audítorstvo |
| 610 | 2 | 0 | |a hospodárenie podnikové |
| 610 | 2 | 0 | |a revízia hospodárenia |
| 610 | 2 | 0 | |a podnikatelia |
| 100 | 1 | |a Bezáková, S. | |
| 700 | 1 | |a Luptáková, O. | |